La vie d'Ousmane Dembélé - Statistiques

Statistiques générales
  • Ce quiz a été pris 180 fois
  • Le résultat moyen est 12 sur 15
Statistiques - réponses
Indice Réponse % Correct
Année de sa première sélection en Equipe de France 2016
94%
Trophée remporté en 2018 en sélection Coupe du Monde
94%
Sélectionneur pour son premier match en Equipe de France Didier Deschamps
94%
Club rejoint en 2023 Paris Saint-Germain
94%
Pieds fort Ambidextre
91%
Club étranger où il a joué Borussia Dortmund
91%
Club étranger où il a joué FC Barcelone
91%
Nombre de trophée gagné avec ce club en 2024-2025 4
90%
Pays où avait lieu ce tournoi Russie
89%
Premier club professionnel et formateur Stade rennais FC
88%
Trophée individuelle majeur gagné en 2025 Ballon d'Or
86%
Surnom d'Ousmane Dembélé Dembouz
83%
Nation contre laquelle il a mis son premier but en sélection Angleterre
40%
Jeu vidéo favori de Ousmane Dembélé Football Manager
34%
Ville de naissance Vernon
24%
Aucun quiz correspondant
Distribution des résultats
% des personnes avec chaque résultat
Percentile par nombre de réponses
Votre historique - résultats
Vous n’avez pas pris ce quiz